| 000 | 01212cam a2200289 4500 | ||
|---|---|---|---|
| 001 | L159930 | ||
| 008 | 180403n2017 000 0 eng u | ||
| 020 | _a9782884320825 | ||
| 035 | _a(Sirsi) u159930 | ||
| 041 | 0 | _aeng | |
| 050 |
_a624.08 _c18 |
||
| 110 |
_aFederation Internationale des Ingenieurs-Conseils _9764 |
||
| 245 |
_aConditions of contract for Plant and Design Build _bFor electrical and mechancial plant and for building and engineering works designed by the contractor |
||
| 250 | _a2nd ed | ||
| 260 |
_aLausanne _bFIDIC _c2017 |
||
| 300 |
_avi, 123p _c30cm. |
||
| 520 | _aIncludes general conditions of contract for electrical and mechancial plant and for building and engineering works designed by the contractor. guidance for the preparation of particular conditions and annexes, forms of securities, forms of letters of tender, letter of acceptance, contract agreement and dispute adjudication and avoidance agreement | ||
| 520 | _aSupersedes 1st ed 2884320237 | ||
| 590 | _aNTK | ||
| 650 | _aENGINEERING CONTRACTS | ||
| 650 | _aINTERNATIONAL CONTRACTS | ||
| 650 | 2 | 4 | _aYELLOW BOOK |
| 650 | 2 | 4 | _aFIDIC |
| 651 | 4 | _aInternational | |
| 690 |
_aContracts _96232 |
||
| 942 | _n0 | ||
| 999 |
_c116156 _d116156 |
||